000 01683cam a22003854i 4500
003 PE-LiUPU
005 20250731184100.0
008 150623s1999 nyua rb 000 0 eng d
020 _a0760714614
035 _a(Sirsi) i9780760714614
040 _aPE-LiUPU
_bspa
_cPE-LiUPU
_erda
049 _aPRUA
082 0 4 _a892.1
_bE64
_223
245 0 4 _aThe epic of Gilgamesh :
_bthe Babylonian epic poem and other texts in Akkadian and Sumerian /
_ceditado por George Andrew.
264 1 _aNew York :
_bBarnes & Noble Books,
_c1999.
300 _a225 páginas :
_bilustraciones ;
_c25 centímetros.
336 _atext
_2rdacontent
337 _aunmediated
_2rdamedia
338 _avolume
_2rdacarrier
500 _aIncluye glosario de nombres propios.
504 _aIncluye bibliografía.
505 0 _aThe standar version of the Babylonian Gilgamesh epic : He who saw the deep -- Babylonian texts of the early second millennium bC -- Babylonian texts of the late second millennium bC, from sites in Babylonia -- Babylonian texts of the late second millennium bC, from outside Babylonia -- The Sumerian poems of Gilgamesh.
526 _aP145
526 _aP127
526 _aP97
526 _aP14
526 _aP07
650 1 4 _aPoesía épica Asirio-babilónica
_93073
_xTraducciones al inglés.
650 2 4 _aPoesía épica sumeria
_93074
_xTraducciones al inglés.
700 _aAndrew, George,
_eeditor
_93075
942 _2ddc
_cBK
_n0
949 _a892.1 E64
_wDEWEY
_c1
_i49479
_lCCODEBUL1
_mBUL
_r0
_sY
_tBOOK
_u2015-6-24
_xTEOLOGIA
_0COMPRA
_o.STAFF. Colección General
980 _81
_gALBERTO SANCHEZ Responsable de Automatización
999 _c30122
_d30122